Documentary Film: A Very Short Introduction
| Autore principale: | |
|---|---|
| Natura: | Sconosciuto |
| Pubblicazione: |
Oxford University Press
2007
|
| LEADER | 00228 a2200085 4500 | ||
|---|---|---|---|
| 020 | |a 9780195182705 | ||
| 100 | |a Patricia Aufderheide | ||
| 245 | |a Documentary Film: A Very Short Introduction | ||
| 260 | |b Oxford University Press |c 2007 | ||
| 999 | |c 43256 |d 43256 | ||